| 000 | 00488nam a22001697a 4500 | ||
|---|---|---|---|
| 003 | BD-ChCU | ||
| 005 | 20251109121845.0 | ||
| 008 | 251109b bg ||||| |||| 00| 0 ben d | ||
| 040 | _cBD-ChCU | ||
| 082 | _a537.1 SIT | ||
| 100 |
_aSimpson, William T. _915724 |
||
| 245 |
_aTheories of electronics in molecules.// _cWilliam T. Simpson. |
||
| 260 |
_aEnglewood Cliffs. _bPrentice - Hall. _c1962 |
||
| 300 | _aviii, 183p | ||
| 650 | 0 |
_aElectricity, Theory of. _915726 |
|
| 942 |
_2ddc _cBK _n0 |
||
| 999 |
_c109214 _d109214 |
||